LEADER 00554nab a2200145 i 4500 001 000000315885 003 CaOOAMICUS 005 20180831173158.0 008 180831n xx uu u0 0und r 013 $a24968 040 $aSeMil$bita 100 1 $aMolinari, Franco,$d<1928-1991>.$0(OLS)http://semarc/name/14470 245 10$a[RECENSIONE DI: Tramontin..., Società religiosità movimento..., 1977]. 773 0 $t[Gennaio-Dicembre].$g651-652$w()274004 996 $6245$a[RECENSIONE DI: Tramontin..., Società religiosità movimento..., 1977]$9(OLS)http://semarc/title/389922 LEADER 00454nab a2200133 i 4500 001 000000316292 003 CaOOAMICUS 005 20180831173206.0 008 180831n xx uu u0 0und r 013 $a25375 040 $aSeMil$bita 245 10$a[RECENSIONE DI: ..., Icona dell'invisibile. Studi p..., 1981]. 773 0 $t[Gennaio-Dicembre].$g98-100$w()273987 996 $6245$a[RECENSIONE DI: ..., Icona dell'invisibile. Studi p..., 1981]$9(OLS)http://semarc/title/390317